000 00369nam a22001571a 4500
020 _a9788126717620
082 _aH3
_bMAN/S
100 _aManzoor Ehtesham
245 _aSukha bargad/
_cby Manzoor Ehtesham
260 _aNew Delhi:
_bRajkamal,
_c2011.
300 _a228p.
650 _aNovel Hindi
650 _aLiterature Hindi
650 _aLiterature
942 _cBK
999 _c45291
_d45291